| 000 | 01248 a2200253 4500 | ||
|---|---|---|---|
| 001 | 23287 | ||
| 005 | 20260407155521.0 | ||
| 008 | 260407a1997 arg spa d | ||
| 003 | AR-UNSa-BCEJYS | ||
| 040 |
_aAR-UNSa-BCEJYS _bspa _cAR-UNSa-BCEJYS |
||
| 080 |
_a347.748 _xCheques. Cheques cruzados. Cámaras de compensación |
||
| 245 | 1 | 0 |
_aCheques _pcomentario de las leyes 24.452 y 24.760 |
| 020 | _a950-14-0932-5 | ||
| 250 | _a2a. ed | ||
| 264 | 1 |
_aBuenos Aires : _bDepalma _c1997 |
|
| 300 |
_axxx, 462 p. _c22 cm. |
||
| 505 | _a1. Del cheque común - 2. De la trnsmisión - 3. De la presentación y del pago - 4. De los recurosos por falta de pago - 5. Del cheque cruzado - 6. Del cheque para acreditar en cuenta - 7. Del cheuque imputado - 8. Del cheque certificado - 9. Del cheque con la consulta no negociable - 10. Del aval - 11. Del cheque de pago diferido - 12. Disposiciones comunes - 13. Disposiciones complementarias. | ||
| 942 | _cBK | ||
| 590 | _aniveau_biblio:m niveau_hierar:0 | ||
| 100 | 1 | _aGómez Leo, Osvaldo R. | |
| 650 | _aLey 24.425 Ley 24.760 | ||
| 856 | 4 | 1 |
_uhttps://biblioeco.unsa.edu.ar/pmb/images/libros/Cheques G?mez Leo, Osvaldo R. (1997).jpg _yImagen de portada _qimage/jpeg |
| 650 | _a ley 24 425 ley 24 760 | ||
| 999 |
_c1101 _d1101 |
||